000 00339nam a22001457a 4500
003 OSt
005 20250324125217.0
008 250324b |||||||| |||| 00| 0 eng d
040 _c
082 _25
_a621.3815
_bJAI
245 _aModern Digital Electronics
_cJain,R.P
250 _a5
260 _bMcgraw Hill
_c2022
942 _2ddc
_cBK
_e5
_n0
999 _c36216
_d36216